| 000 | 01910cam a2200301 a 4500 | ||
|---|---|---|---|
| 999 |
_c8173 _d8173 |
||
| 001 | 8173 | ||
| 003 | BD-JhCC | ||
| 005 | 20180219101618.0 | ||
| 008 | 050110s2005 pau b 001 0 eng | ||
| 020 | _a0791082377 (alk. paper) | ||
| 035 | _a(BD-JhCC) | ||
| 040 |
_aDLC _cDLC _dDLC _dBD-JhCC |
||
| 041 | _aeng | ||
| 050 | 0 | 0 |
_aPS374.M535 _bM63 2005 |
| 082 | 0 | 0 |
_a811/.508 _222 _bMOD 2005 |
| 245 | 0 | 0 |
_aModern American poetry / _cedited and with an introduction by Harold Bloom. |
| 260 |
_aPhiladelphia : _bChelsea House Publishers, _cc2005. |
||
| 300 |
_aviii, 509 p. ; _c25 cm. |
||
| 440 | 0 | _aBloom's period studies | |
| 504 | _aIncludes bibliographical references and index. | ||
| 505 | 0 | _aIntroduction / Harold Bloom -- Motives and motifs in the poetry of Marianne Moore / Kenneth Burke -- Mauberley / Hugh Kenner -- The shadow of a myth / Alan Trachtenberg -- Open to the weather / Thomas R. Whitaker -- Douceurs, tristesses / Helen Hennessy Vendler -- New modes of characterization in The waste land / Robert Langbaum -- Soundings for home / Richard Poirier -- How shall I be mirror to this modernity? : William Carlos Williams's Patterson / James E. Miller, Jr. -- Late poems : places, common and other / Eleanor Cook -- Helmet of fire : American poetry in the 1920s / Edward Hirsch -- Dice of drowned men's bones / Langdon Hammer -- Lyricism : at the back of the north wind / Katherine Kearns -- T.S. Eliot and Hart Crane / David Bromwich -- H.D. : set free to prophesy / Louis L. Martz -- Jazz, realism, and the modernist lyric : the poetry of Langston Hughes / Anita Patterson -- Moore's America / Bonnie Costello. | |
| 650 | 0 |
_aAmerican poetry _y20th century _xHistory and criticism. |
|
| 650 | 0 |
_aModernism (Literature) _zUnited States. |
|
| 700 | 1 | _aBloom, Harold. | |
| 856 | 4 | 1 |
_3Table of contents _uhttp://www.loc.gov/catdir/toc/ecip056/2005000754.html |
| 942 |
_2ddc _cBK |
||